Score 0/22 Timer 04:00
0 Plays Today
Song Lyric Missing Word % Correct
Who Let the _____ Out?Dogs
98.6%
Should I _____ or Should I Go?Stay
95.6%
How Am I Supposed to _____ Without You?Live
93.3%
Can You _____ the Love Tonight?Feel
93%
How Much Is That Doggy
in the _____?
Window
86.3%
Isn't She _____?Lovely
85.3%
Who _____ You?Are
85.1%
Why Can't We Be _____?Friends
84.7%
How _____ Is Your Love?Deep
78.8%
Wouldn't It Be _____?Nice
78.6%
Da Ya Think I'm _____?Sexy
73.3%
Song Lyric Missing Word % Correct
Do You Believe in _____?Magic
72%
Why Do _____ Fall in Love?Fools
67.9%
Don't You _____ Me?Want
67.7%
Life On _____?Mars
65.8%
Have You Ever Seen the _____?Rain
62.6%
Do You Wanna Build a _____?Snowman
61%
Are You _____ Tonight?Lonesome
56.7%
What's My _____ Again?Age
46.2%
What You _____ For?Waiting
39.5%
What's the _____, Kenneth?Frequency
31.1%
Can't You Hear Me _____?Knocking
20.2%

Today's Daily Dose

Remove Ads.
Support Sporcle.
Get the best of Sporcle when you Go Orange. This ad-free experience offers more features, more stats, and more fun while also helping to support Sporcle. Thank you for becoming a member.

You're not logged in!

Compare scores with friends on all Sporcle quizzes.
OR
Log In

Show Comments

Extras

Top Quizzes Today


Score Distribution

Your Account Isn't Verified!

In order to create a playlist on Sporcle, you need to verify the email address you used during registration. Go to your Sporcle Settings to finish the process.

Report this User

Report this user for behavior that violates our Community Guidelines.

Details: